000
00275nam a2200097Ia 4500
008
220204s9999 xx 000 0 und d
082
_a
677.181:334(083)
_b
SUR
245
0
_a
Survey of primary coir co-opeatives in Kerala
260
_a
Trivandrum
_b
Bureau of Economics
942
_c
BK
999
_c
20094
_d
20094